Historia de la literatura castellana : redactada de acuerdo con el programa vigente de 5º año nacional
Gespeichert in:
| 1. Verfasser: | |
|---|---|
| Format: | Buch |
| Sprache: | Spanisch |
| Erschienen: |
Buenos Aires :
[1920]
|
| Katalog: | BNM: Suchergebnis im Bibliothekskatalog |
| Schulbuchspezifische Eigenschaften: |
|
| Schlagworte: | |
| Tags: |
Tag hinzufügen
Keine Tags, Fügen Sie den ersten Tag hinzu!
|
| Hinzugefügt zu: | 05.12.1993 |
| Geändert in: | 09.03.2022 |
MARC
| LEADER | 00000cam a22000004a 4500 | ||
|---|---|---|---|
| 003 | AR-BaBNM | ||
| 007 | ta | ||
| 008 | 931206q1920 ag ||||| |||||||||||spa|d | ||
| 005 | 20220309063356.0 | ||
| 035 | |a 000028278 | ||
| 040 | |a AR-BaBNM |b spa | ||
| 080 | |a 373.5 | ||
| 100 | 1 | |a Fayet, Leopoldo | |
| 245 | 1 | 0 | |a Historia de la literatura castellana : |b redactada de acuerdo con el programa vigente de 5º año nacional / |c Leopoldo Fayet |
| 260 | |a Buenos Aires : |b Moly y Lasserre, |c [1920] | ||
| 300 | |a 356 p. : |b il. | ||
| 650 | 4 | |a Historia de la literatura |9 8394 |a Enseñanza de la literatura |9 7732 |a Educación secundaria |9 7637 |a Colegios nacionales |9 7024 | |
| 655 | 4 | |a Libros de texto | |
| 942 | |2 udc |c LIBRO | ||
| 999 | |c 62928 |d 62928 | ||
| 999 | |c KOHA-OAI-TEST:62928 |d 62928 | ||